|
|
|
|
| LEADER |
02279nam a2200577 i 4500 |
| 001 |
nkc20172905521 |
| 003 |
CZ PrNK |
| 005 |
20171218133355.0 |
| 007 |
ta |
| 008 |
170628s2017 xr af f 000 0 cze |
| 015 |
|
|
|a cnb002905521
|
| 020 |
|
|
|a 978-80-7553-154-4
|q (vázáno)
|
| 035 |
|
|
|a (OCoLC)1011124025
|
| 040 |
|
|
|a ABA001
|b cze
|d OLA001
|e rda
|
| 043 |
|
|
|a a-tu---
|a mm-----
|
| 045 |
|
|
|a s5s5
|
| 072 |
|
7 |
|a 94(560/569.5)
|x Dějiny států západní Asie. Blízký východ
|2 Konspekt
|9 8
|
| 080 |
|
|
|a 94(560.118)
|2 MRF
|
| 080 |
|
|
|a 94(38+392)
|2 MRF
|
| 080 |
|
|
|a 94(56+495/498)
|2 MRF
|
| 080 |
|
|
|a (048.8)
|2 MRF
|
| 100 |
1 |
|
|a Štěpánek, Petr,
|d 1968-
|7 jx20071119037
|4 aut
|
| 245 |
1 |
0 |
|a 1453: Pád Konstantinopole - zrod Istanbulu /
|c Petr Štěpánek
|
| 246 |
3 |
|
|a Čtrnáct set padesát tři: Pád Konstantinopole - zrod Istanbulu
|
| 246 |
3 |
0 |
|a Pád Konstantinopole - zrod Istanbulu
|
| 250 |
|
|
|a 2., rozšířené vydání
|
| 264 |
|
1 |
|a Praha :
|b Stanislav Juhaňák - Triton,
|c 2017
|
| 300 |
|
|
|a 288 stran, 32 nečíslovaných stran obrazových příloh :
|b barevné ilustrace ;
|c 24 cm
|
| 336 |
|
|
|a text
|b txt
|2 rdacontent
|
| 337 |
|
|
|a bez média
|b n
|2 rdamedia
|
| 338 |
|
|
|a svazek
|b nc
|2 rdacarrier
|
| 500 |
|
|
|a V tiráži chybně uvedeno: 1. vydání
|
| 500 |
|
|
|a Chronologický přehled
|
| 504 |
|
|
|a Obsahuje bibliografii a bibliografické odkazy
|
| 648 |
|
4 |
|a 1453
|
| 648 |
|
7 |
|a 15. století
|7 ch460553
|2 czenas
|
| 651 |
|
7 |
|a Istanbul (Turecko)
|7 ge129395
|x dějiny
|y 15. století
|2 czenas
|
| 651 |
|
7 |
|a Byzanc
|7 ge131496
|x dějiny
|y 15. století
|2 czenas
|
| 651 |
|
7 |
|a osmanská říše
|7 ge138162
|x dějiny
|y 15. století
|2 czenas
|
| 651 |
|
9 |
|a Istanbul (Turkey)
|x history
|y 15th century
|2 eczenas
|
| 651 |
|
9 |
|a Byzantine Empire
|x history
|y 15th century
|2 eczenas
|
| 651 |
|
9 |
|a Ottoman Empire
|x history
|y 15th century
|2 eczenas
|
| 655 |
|
7 |
|a monografie
|7 fd132842
|2 czenas
|
| 655 |
|
9 |
|a monographs
|2 eczenas
|
| 910 |
2 |
|
|a BOA001
|b 2-1394.866
|
| 928 |
9 |
|
|a Triton
|
| 990 |
|
|
|a BK
|
| 995 |
|
|
|a 01
|
| 991 |
|
|
|b 201710
|c NOV
|
| 996 |
6 |
|
|b 2610721584
|c 2-1394.866
|l MZK
|r Sklad / do 1 hodiny
|n 0
|p p.v.
|w 001634586
|u 000010
|a 1
|e BOA001
|j MZK50
|s P
|
| 996 |
7 |
|
|b 2610722533
|c 2-1394.866
|l Vol.výběr
|r VV 1p
|n 9
|p kup
|h 94(5/9) ŠTĚ
|w 001634586
|u 000020
|a 0
|e BOA001
|j MZK50
|s A
|